Statistika bez předchozích znalostí : Průvodce pro samouky
Gespeichert in:
| 1. Verfasser: | |
|---|---|
| Format: | Buch |
| Sprache: | Tschechisch |
| Veröffentlicht: |
Brno :
Computer Press,
2009
|
| Ausgabe: | 1.vyd. |
| Tags: |
Keine Tags, Fügen Sie das erste Tag hinzu!
|
MARC
| LEADER | 00000nam a22000003a 4500 | ||
|---|---|---|---|
| 001 | stu196262 | ||
| 005 | 20150617230027.3 | ||
| 008 | 091126s2009----xr------------------cze-d | ||
| 020 | |a 978-80-251-2465-9 | ||
| 040 | |a STU |b slo | ||
| 041 | 0 | |a cze | |
| 044 | |a xr | ||
| 080 | |a 311 | ||
| 100 | 1 | |a Gibilisco, Stan |4 aut | |
| 245 | 1 | |a Statistika bez předchozích znalostí : |b Průvodce pro samouky | |
| 250 | |a 1.vyd. | ||
| 260 | |a Brno : |b Computer Press, |c 2009 | ||
| 300 | |a 272 s | ||
| 500 | |a prel. z angl.orig. | ||
| 996 | |c V*50660/O-22661 |l VV3 |s P |a 0 |w stu196262_0001 | ||